000 00259nam a2200097Ia 4500
001 1069564
005 20250827001850.0
008 250824s9999 xx 000 0 und d
245 0 _aOSMANLI İNSANLIĞIN SON ADASI
_cMUSTAFA ARMAĞAN
260 _bKETEBE YAYINLARI
999 _c1069564
_d1069564